|
|
|
|
| LEADER |
00000nam0a2200000 4500 |
| 001 |
366183 |
| 005 |
20231102011846.0 |
| 035 |
|
|
|a (RuTPU)RU\TPU\retro\23546
|
| 090 |
|
|
|a 366183
|
| 100 |
|
|
|a 20220202d1979 m y0rusy50 ca
|
| 101 |
0 |
|
|a rus
|
| 102 |
|
|
|a RU
|
| 105 |
|
|
|a a z 000zy
|
| 200 |
1 |
|
|a Резервы экономии металлов на стройках и промышленных предприятиях
|f В. Я. Дулькин, Ю. Ф. Зайцев
|
| 210 |
|
|
|a Петрозаводск
|c Карелия
|d 1979
|
| 215 |
|
|
|a 96 с.
|c ил.
|
| 606 |
1 |
|
|a Металлы
|x Экономия
|2 stltpush
|3 (RuTPU)RU\TPU\subj\43245
|9 62794
|
| 610 |
1 |
|
|a прочность
|
| 610 |
1 |
|
|a расчет
|
| 610 |
1 |
|
|a строительство
|
| 610 |
1 |
|
|a сталь
|
| 610 |
1 |
|
|a экономное расходование
|
| 610 |
1 |
|
|a машины
|
| 610 |
1 |
|
|a конструкции
|
| 610 |
1 |
|
|a разработка
|
| 610 |
1 |
|
|a металлоемкость
|
| 610 |
1 |
|
|a снижение
|
| 610 |
1 |
|
|a технологические пути
|
| 610 |
1 |
|
|a стандартизация
|
| 610 |
1 |
|
|a электроды
|
| 610 |
1 |
|
|a резервы
|
| 610 |
1 |
|
|a контроль
|
| 675 |
|
|
|a 669.004.18
|v 4
|
| 700 |
|
1 |
|a Дулькин
|b В. Я.
|g Владимир Яковлевич
|
| 701 |
|
1 |
|a Зайцев
|b Ю. Ф.
|g Юрий Федорович
|
| 801 |
|
1 |
|a RU
|b 63413507
|c 20220202
|
| 942 |
|
|
|c BK
|